1625 1952 1485 1452 1127 1656 1149 1858 1913 1023 1388 1788 1823 1250 1366 1186 1739 1523 1493 1235 1274 1677 1125 1885 1523 1656 1694 1481 1441 1554 1406 1798 1879 1369 1295 1994 1496 1994 1204 1658 1786 1640 1757 1997 1853 1004 1290 1404 1123 1541 1378 1989 1204 1495 1861 1136 1467 1125 1897 1422 1672 1008 1230 1131 1187 1772 1207 1440 1743 1821 1088 1249 1733 1780 1496 1379 1630 1130 1802 1212 1936 1554 1745 1555 1929 1090 1333 1573 1714 1696 1555 1377 1463 1043 1770 1252 1239 1848 1800 BCNSPRNW ULIB Ver.6.0+V

เปลี่ยนเป็นภาษาไทย

Change to English
 แสดงรายละเอียดบรรณานุกรม
  กลับหน้าหลัก

Brief Record : Get Marc (ISO 2709) : E-mail record : QR code < ปิดหน้าต่าง
LEADER : 00000nam 2200000uu 4500
001    13399109139
003     ULIB
008    110322s2549||||th 000 0 tha d
020    9749417402
060  4 WA292^bส293ค 2549
245 00 คัมภีร์กู้ชีวิต =^bFire rescue & EMS manual /^cโดยสมาคมการดับเพลิงและช่วยชีวิต FARA
246 14 คัมภีร์กู้ชีวิต :^bคู่มือการดับไฟ กู้ภัย กู้ชีพ มาตราฐานFARA-FS Certified และ APFF
246 31 Fire rescue & EMS manual
260    กรุงเทพฯ :^bสมาคมการดับเพลิงและช่วยชีวิต,^c2549
300    176 หน้า :^bภาพประกอบ ;^c29 ซม.
650  7 การป้องกันอัคคีภัย
650  7 อัคคีภัย
710 2  สมาคมการดับเพลิงและช่วยชีวิต
945    ^p250^l0^i020515
945    ^p250^l0^i020514
995    ทศพร
999 ^a ใช้งานได้ทุกระบบ
รายการนี้ยังไม่มีแท็ก
คุณยังไม่ได้ล็อกอิน คุณสามารถมีกิจกรรมร่วมกับเว็บไซต์ได้ แต่ต้องล็อกอินก่อน ::
  ล็อกอิน

รายการสื่อสารสนเทศ

ลำดับที่ ประเภท เลขเรียก/บาร์โค้ด สถานที่ สถานะ
- ไม่พบข้อมูล -

รายการใกล้เคียง
    หัวเรื่อง [การป้องกันอัคคีภัย]
    หัวเรื่อง [อัคคีภัย]

BibComment


ยังไม่เคยถูกคอมเมนท์

คอมเมนท์ทรัพยากรรายการนี้
  คอมเมนท์: คัมภีร์กู้ชีวิต ..


 Copyright 2026. Bcnsprnw @Library